Регионална библиотека "Любен Каравелов" - Русе

Абракадабра (Запис номер 499250)

MARC детайли
000 -Лидер
Лидер 01004nam a2200241 a 4500
003 - Код на организацията, давaща контролен номер
Код на организацията, даваща контролен номер BLK
005 - Дата и час на последна редакция
Дата и час на последна редакция 20250430165501.0
008 - Елементи от данни с фиксирана дължина
Елементи с фиксирана дължина 231219b bu |||||r|||| 00| | bu d
020 ## - Международен стандартен номер на книга ISBN
ISBN 9786192510916
040 ## - Източник на каталожния запис
Код на библиотеката BLK
041 ## - Код за език
Език Български
Език за КДБФ Български
080 ## - УДК
УДК текст Българска литература
УДК код 821.163.2
УДК – определител -342
УДК – код + определител 821.163.2-342
9 (RLIN) 227592
084 ## - Класификационен индекс по друга класификация
Авторски знак Учк - У 95
100 1# - Редна дума - Автор
Автор Учкунова, Инна Василева
Години, свързани с автора 1984 -
Биография на автора Юрист. Преводач от английски
R(LIN) 133289
245 ## - Сведения за заглавието
Заглавие Абракадабра
Подзаглавни данни книга за живота и смъртта
Авторска отговорност Инна Учкунова
260 ## - Област на издателските данни
9 (RLIN) 212075
Място на издаване Бургас
Име на издателя Хеликон
Година на издаване 2022
Издателство - префикс ISBN 978-954-2984- ; 954-9786- ; 954-8197-
Печатница ([Костинброд] : Мултипринт)
300 ## - Физическа характеристика
Брой страници 264 с.
Размер 16 см
380 ## - Жанр
Жанр Худож. лит.
852 ## - Местоположение
Сигнатура (форматна) Цб І 42636
Отдел Хранилище
942 ## - АРТИКУЛИ
Вид на библиотечния документ Книги
Скрит в OPAC Не
Периодичен библиозапис Да
Koha issues (borrowed), all copies 3
944 ## - СЪЗДАВАНЕ И РЕДАКЦИЯ на ЗАПИСА
Служител, извършил регистрацията/редакцията 30531
Дата на регистрацията/редакция Геновева Генчева
Номер на служител Цветелина Шанова
999 ## - СИСТЕМНИ КОНТРОЛНИ НОМЕРА
Koha biblionumber 499250
Koha biblioitemnumber 499250
Наличности
Код за отписване Код за изгубен артикул Източник на класификационната схема Код за повреда Коз за рестрикции Код за отдаване Артикулен № Име на библиотеката - собственик Име на библиотеката, в която се намира в момента Статус (Текущо местоположение) Дата на вписване в системата Местоположение - отдел Цена в лева Инвентарен номер Систематично азбучна сигнатура Баркод Цена в евро Служебен тип на артикула
  Не е изгубен Universal Decimal Classification Не е повреден само за читалня ползва се в читалня 937711 Регионална библиотека "Любен Каравелов" Русе Регионална библиотека "Любен Каравелов" Русе Хранилище 2023-12-21 Хранилище 12.95 120000896742 Цб І 42636 120000896742 6.62 Книги
  Не е изгубен Universal Decimal Classification Не е повреден   заемане за дома 938318 Регионална библиотека "Любен Каравелов" Русе Регионална библиотека "Любен Каравелов" Русе Заемна - подръчен фонд 2024-01-03 Заемна - подръчен фонд 8.00 120000897305 821.163.2-3/У 95 И 120000897305 4.09 Книги
Vip Innovations Ltd, Rousse, Bulgaria 2025